000 00780nam a2200229 i 4500
001 19430
003 ES-MaACL
005 20230906152108.0
007 t|
008 020716s2001 sp ||||0| spa j
020 _a84-7895-153-9
040 _aM-BN
_bspa
_cM-BN
080 _a929(460)"18/19":01
080 _a013:01(460)"18/19"
100 0 _aDelgado Casado, Juan,
_d1947-2022
_943444
245 1 3 _aUn siglo de bibliografía en España
_b: los concursos bibliográficos de la Biblioteca Nacional (1857-1953) /
_cJuan Delgado Casado.
260 _aMadrid :
_bOllero y Ramos,
_c[2001]
300 _a2 v. ;
_c24 cm.
650 1 4 _aBibliógrafos-
_zEspaña-
_yS.XIX-XX-
_vBiobibliografías.
_910526
852 _aES-MaACL
_jL-25862-63
_bR.131122
999 _c19430
_d19430